00620nam a2200193Ia 450000500170000000800460001703700120006304000210007504100130009608400210010910000260013024500530015626000470020930000100025665000140026694200210028099900210030195201040032220250508151420.0008 250505s9999 xx 000 0 eng d aTextual aFEDL bengcFEDL aeng2eng a338.4, HUTqFEDL aHutton Graham9127161 0aWe too can prosper : The promise of productivity aNew York, USAbThe Macmillan Companyc1953 a248p. aEconomics cTEXLh338.4, HUT c1329636d1329636 00104070aFEDLbFEDLd2025-05-08l0o338.4, HUTpEL0010261r2025-05-08 15:14:20w2025-05-08yTEXL